000 00784cam a22002531a 4500
001 5146
003 BD-RjUL
005 20211208234022.0
008 131224r19651925nyuabh b 001 0 eng
035 _a(BD-RjUL)5182
035 _a(OCoLC)10615811
040 _aDLC
_cNNBBC
_dDLC
_dBD-RjUL
_beng
041 _aeng
082 _2364.36
_bBUY
100 1 _aBurt, Cyril,
_d1883-1971.
_916208
245 1 4 _aThe young delinquent /
_cby Cyril Burt.
260 _aNew York :
_bD. Appleton-Century,
_c c1925[impression 1965]
300 _axv, 619 p, [8] leaves of plates :
_bill., facsims., map ;
_c21 cm.
504 _aIncludes Selected references": p. 604-607 and index.
650 0 _aJuvenile delinquency.
_916209
942 _2ddc
_cBK
999 _c5146
_d5146